[Event "CZE-ch op"]
[Site "Nymburk"]
[Date "1997.??.??"]
[Round "?"]
[White "Kozak, Milos"]
[Black "Rehak, Martin"]
[Result "1-0"]
[WhiteElo "2265"]
[BlackElo "2230"]

1.d4 Nf6 2.c4 g6 3.Nc3 Bg7 4.e4 d6 5.Nf3 O-O 6.Be2 e5 7.O-O Nc6 8.d5 Ne7
9.Ne1 Nd7 10.Be3 f5 11.f3 f4 12.Bf2 g5 13.Rc1 Ng6 14.c5 Nf6 15.cxd6 cxd6
16.Nb5 g4 17.Nc7 g3 18.Nxa8 Nh5 19.Kh1 gxf2 20.Rxf2 Bd7 21.Nc7 Qh4 22.Kg1 Rf6
23.Bb5 Bxb5 24.Nxb5 Ne7 25.Rfc2 Rh6 26.Nd3 Ng3 27.h3 Qg5 28.Nf2 Rg6 29.Nd3 Rh6
30.Nf2 Rg6 31.Nd3 Rh6 32.Kh2 Ng6 33.Nf2 Nh4 34.Ng4 Rg6 35.Rc8+ Bf8 36.Re8 h5
37.Rcc8 hxg4 38.Rxf8+ Kg7 39.Qc1 Nf1+ 40.Qxf1 gxf3 41.Rg8+ Kf7 42.Nxd6+ Ke7
43.Rxg6 Qxg6 44.Re8+ Kd7 45.Qb5+ Kc7 46.Qxb7+  1-0

[Event "After GP Mladi"]
[Site "Olomouc"]
[Date "1997.??.??"]
[Round "8"]
[White "Babula, Vlastimil"]
[Black "Biolek, Richard"]
[Result "1-0"]
[WhiteElo "2545"]
[BlackElo "2410"]

1.d4 Nf6 2.c4 g6 3.Nc3 Bg7 4.e4 O-O 5.Nf3 d6 6.Be2 e5 7.O-O Nc6 8.d5 Ne7
9.b4 a5 10.Ba3 c6 11.dxc6 bxc6 12.b5 c5 13.Qd3 Qb6 14.Rad1 Ne8 15.Ne1 Be6
16.Nc2 Bh6 17.Ne3 Bxe3 18.Qxe3 f6 19.f4 exf4 20.Qxf4 g5 21.Qf3 g4 22.Qg3 Ng6
23.Bb2 Ne5 24.Nd5 Bxd5 25.Bxe5 dxe5 26.Qxg4+ Kh8 27.Rxd5 a4 28.Rxe5 Rg8 29.Qe6 Qa5
30.Rh5 Qd2 31.Qh3 Ra7 32.Qd3 Qxa2 33.e5 fxe5 34.b6 Rag7 35.g3 a3 36.Rh6 e4
37.Qxe4 Qd2 38.Re6 Qc3 39.Rxe8 a2 40.Qe5 Rxe8 41.Qxc3  1-0

[Event "RUS-chT"]
[Site "Orel"]
[Date "1997.??.??"]
[Round "?"]
[White "Chekhov, Valery A"]
[Black "Zaitsev, Vadim"]
[Result "1-0"]
[WhiteElo "2520"]
[BlackElo "2325"]

1.d4 Nf6 2.c4 g6 3.Nc3 Bg7 4.e4 d6 5.Be2 O-O 6.Nf3 e5 7.O-O Nc6 8.dxe5 dxe5
9.Bg5 Qe8 10.Nd5 Nxd5 11.cxd5 Nd4 12.Nxd4 exd4 13.Bd3 c5 14.Qc2 b6 15.a4 Bd7
16.b3 f5 17.Rae1 f4 18.e5 Bf5 19.d6 f3 20.gxf3 Qd7 21.Be7 Bxd3 22.Qxd3 Rf4
23.Qc4+ Kh8 24.Qd5 Rg8 25.e6 Qe8 26.Kh1 d3 27.Qxd3 Rd4 28.Qe3 c4 29.bxc4 Qxa4
30.d7 Qxc4 31.Rd1 a5 32.d8=Q Rgxd8 33.Bxd8 a4 34.e7  1-0

[Event "RUS-chT"]
[Site "Orel"]
[Date "1997.??.??"]
[Round "?"]
[White "Rychagov, Andrei"]
[Black "Rogovskoy, Alexander"]
[Result "1-0"]
[WhiteElo "2455"]
[BlackElo "2405"]

1.d4 Nf6 2.c4 g6 3.Nc3 Bg7 4.e4 d6 5.Nf3 O-O 6.Be2 e5 7.O-O Nc6 8.d5 Ne7
9.b4 Nh5 10.Re1 f5 11.Ng5 Nf4 12.Bxf4 exf4 13.Rc1 h6 14.Ne6 Bxe6 15.dxe6 fxe4
16.Nxe4 Nc6 17.Bf3 Be5 18.Nc3 Qe8 19.Nd5 Rc8 20.c5 h5 21.Nxc7 Qe7 22.Nd5 Qg7
23.b5 Nd4 24.e7 Rfe8 25.cxd6 Rxc1 26.d7 Rcc8 27.Bxh5  1-0

[Event "Orense op"]
[Site "Orense"]
[Date "1997.??.??"]
[Round "3"]
[White "Nikcevic, Nebojsa"]
[Black "Candela Perez, Jose"]
[Result "1-0"]
[WhiteElo "2525"]
[BlackElo "2345"]

1.Nf3 Nf6 2.c4 g6 3.Nc3 Bg7 4.e4 d6 5.d4 O-O 6.Be2 e5 7.O-O Nc6 8.d5 Ne7
9.Bg5 Nd7 10.Nd2 f5 11.f3 Bf6 12.Be3 f4 13.Bf2 g5 14.b4 Ng6 15.c5 Be7 16.c6 bxc6
17.dxc6 Nf6 18.Nd5 Kh8 19.a4 Rg8 20.Ra3 h5 21.h3 Nf8 22.Nb1 N8h7 23.b5 g4
24.Nxf6 Nxf6 25.hxg4 Rg6 26.Bh4 Kg7 27.Rd3 Qh8 28.g5 Nh7 29.Kf2 Bxg5 30.Bxg5 Nxg5
31.Nc3 Ne6 32.Rh1 Qh6 33.Nd5 Qg5 34.Bf1 h4 35.Ke2 Rb8 36.Qe1 Rh6 37.Qa5 a6
38.Nxc7 Nd4+ 39.Rxd4 exd4 40.Nd5 Ra8 41.b6 h3 42.b7 hxg2 43.Qc7+ Kg6 44.Qxd6+ Kg7
45.Qxh6+ Qxh6 46.Rxh6 g1=Q 47.bxa8=Q d3+ 48.Kxd3 Qxf1+ 49.Kd4 Qg1+ 50.Kc4 Qf1+
51.Kb4 a5+ 52.Kxa5  1-0

[Event "ISR-ch U18"]
[Site "Petah Tiqwa"]
[Date "1997.??.??"]
[Round "5"]
[White "Kunin, Pavel"]
[Black "Eyal, Ido"]
[Result "1-0"]
[WhiteElo "2125"]
[BlackElo "2160"]

1.d4 Nf6 2.c4 g6 3.Nc3 Bg7 4.e4 d6 5.Nf3 O-O 6.Be2 e5 7.O-O Nc6 8.d5 Ne7
9.Nd2 a5 10.Rb1 Nd7 11.a3 f5 12.b4 Kh8 13.Qc2 Ng8 14.Nb5 axb4 15.axb4 Ndf6
16.f3 Nh5 17.c5 Nf4 18.Nc4 Rf6 19.cxd6 cxd6 20.Be3 Nxe2+ 21.Qxe2 f4 22.Bf2 g5
23.Ra1 Rxa1 24.Rxa1 Rh6 25.Ra8 g4 26.Ncxd6 Rxd6 27.Nxd6 Qxd6 28.Rxc8 gxf3
29.Qxf3 Qxb4 30.h3 b5 31.Qg4 Qe7 32.Bc5 Qf7 33.Qe6  1-0

[Event "World op"]
[Site "Philadelphia"]
[Date "1997.??.??"]
[Round "4"]
[White "Yermolinsky, Alex"]
[Black "Kreiman, Boris"]
[Result "0-1"]
[WhiteElo "2650"]
[BlackElo "2465"]

1.Nf3 Nf6 2.c4 g6 3.Nc3 Bg7 4.e4 d6 5.d4 O-O 6.Be2 e5 7.O-O Nc6 8.d5 Ne7
9.Ne1 Nd7 10.Be3 f5 11.f3 f4 12.Bf2 g5 13.Rc1 Ng6 14.c5 Nxc5 15.b4 Na6 16.Nb5 Bd7
17.Nxa7 h5 18.a4 Bh6 19.Rc3 Kh7 20.Nb5 Rg8 21.Kh1 Rg7 22.Rg1 Nf8 23.g3 fxg3
24.Rxg3 Ng6 25.Nd3 Be8 26.Qc2 Rf7 27.Rg1 g4 28.fxg4 Nxb4 29.Nxb4 Rxf2 30.Rf3 Rxf3
31.Bxf3 c6 32.dxc6 bxc6 33.g5 Bxg5 34.Nxc6 Qf6 35.Bxh5 Nh4 36.Bg4 Bd7 37.Bxd7 Qf3+  0-1

[Event "World op"]
[Site "Philadelphia"]
[Date "1997.??.??"]
[Round "4"]
[White "Epishin, Vladimir"]
[Black "Fang, Joseph"]
[Result "1-0"]
[WhiteElo "2570"]
[BlackElo "2320"]

1.d4 Nf6 2.c4 g6 3.Nc3 Bg7 4.e4 d6 5.Nf3 O-O 6.Be2 Nc6 7.O-O e5 8.d5 Ne7
9.b4 a5 10.Ba3 axb4 11.Bxb4 Nd7 12.a4 Bh6 13.Nd2 f5 14.Bf3 b6 15.Ra2 Nc5
16.a5 Ba6 17.Be2 Bxd2 18.Qxd2 Nxe4 19.Nxe4 fxe4 20.axb6 cxb6 21.Rfa1 Bb7
22.Rxa8 Bxa8 23.Bg4 Nf5 24.Bxf5 Rxf5 25.Qa2 Bb7 26.Bd2 Rf7 27.Qb3 Qc8 28.h3 h5
29.Ra4 Kh7 30.Qxb6 Qf5 31.Be3 Rd7 32.Qb1 Rc7 33.Qb6 Rd7 34.Ra7 Qf7 35.Rxb7 Rxb7
36.Qxd6 Qf5 37.c5 g5 38.c6 Rg7 39.c7 g4 40.h4 g3 41.fxg3 Rxg3 42.Qh6+ Kg8
43.Qe6+ Qxe6 44.dxe6  1-0

[Event "Pinar del Rio"]
[Site "Pinar del Rio"]
[Date "1997.??.??"]
[Round "3"]
[White "Elissalt Cardenas, Hector"]
[Black "Otero, Evelio"]
[Result "1/2-1/2"]
[WhiteElo "2410"]
[BlackElo "2405"]

1.d4 Nf6 2.c4 g6 3.Nc3 Bg7 4.e4 d6 5.Nf3 O-O 6.Be2 e5 7.O-O Nc6 8.d5 Ne7
9.b4 Nh5 10.Re1 Nf4  1/2-1/2

[Event "Plzen KB opJ-A"]
[Site "Plzen"]
[Date "1997.??.??"]
[Round "3"]
[White "Stocek, Jiri"]
[Black "Slugin, Sergey"]
[Result "1-0"]
[WhiteElo "2470"]
[BlackElo "2305"]

1.d4 Nf6 2.c4 g6 3.Nc3 Bg7 4.e4 d6 5.Be2 O-O 6.Nf3 e5 7.O-O Nc6 8.d5 Ne7
9.b4 Nh5 10.Re1 Nf4 11.Bf1 a5 12.Ba3 Bg4 13.Re3 f5 14.h3 Bh5 15.bxa5 Bh6
16.Qe1 fxe4 17.Nh2 Nf5 18.Nxe4 Qh4 19.g4 Nxe3 20.fxe3 Nxh3+ 21.Kg2 Qxe1 22.Rxe1 Rxa5
23.Bb4 Rxa2+ 24.Kxh3 Rxh2+ 25.Kxh2 Bxg4 26.c5 Bf3 27.cxd6 cxd6 28.Nc3 Rc8
29.Bh3 Rc4 30.Be6+ Kh8 31.Bxd6 Bg7 32.Kg3 e4 33.Ne2 Bf6 34.Nd4 Bxd4 35.exd4 Kg7
36.Be5+ Kh6 37.d6 Rc2 38.d7  1-0

[Event "ESP-chT"]
[Site "Ponferrada"]
[Date "1997.??.??"]
[Round "7"]
[White "Ballesteros, David"]
[Black "Teran Alvarez, Ismael"]
[Result "0-1"]
[WhiteElo "2260"]
[BlackElo "2350"]

1.d4 Nf6 2.Nf3 g6 3.c4 Bg7 4.Nc3 O-O 5.e4 d6 6.Be2 e5 7.O-O Nc6 8.d5 Ne7
9.b4 Nh5 10.Re1 a5 11.bxa5 c5 12.Nd2 Nf4 13.Bf1 Rxa5 14.a4 f5 15.g3 Nh5 16.Ra3 Ra6
17.exf5 Nxf5 18.Nde4 Nd4 19.Bg2 h6 20.Be3 Kh7 21.Bxd4 cxd4 22.Nb5 Nf6 23.Qc1 Bf5
24.Nxf6+ Bxf6 25.Be4 Qd7 26.f4 Bxe4 27.Rxe4 Qf5 28.Re1 e4 29.Nc7 Rb6 30.g4 Qxg4+
31.Rg3 Qf5 32.c5 Rb4 33.cxd6 d3 34.Ne6 Rf7 35.Qc8 d2 36.Rf1 e3 37.Nf8+ Rxf8
38.Qxf8 e2 39.Qf7+ Bg7  0-1

[Event "Porto San Giorgio op"]
[Site "Porto San Giorgio"]
[Date "1997.??.??"]
[Round "2"]
[White "Giuriati, Paolo"]
[Black "Nataf, Igor Alexandre"]
[Result "0-1"]
[WhiteElo "2165"]
[BlackElo "2440"]

1.d4 Nf6 2.c4 g6 3.Nc3 Bg7 4.e4 O-O 5.Nf3 d6 6.Be2 e5 7.O-O Nc6 8.d5 Ne7
9.Ne1 Nd7 10.g4 f5 11.f3 Kh8 12.Kg2 Ng8 13.g5 f4 14.h4 h6 15.Rh1 Rf7 16.Nd3 Bf8
17.Qg1 hxg5 18.hxg5+ Rh7 19.Rxh7+ Kxh7 20.Kf2 Be7 21.Bxf4 exf4 22.Nxf4 Bxg5
23.Ne6 Bh4+ 24.Ke3 Qf6 25.Qh2 Nh6 26.Rh1 g5 27.Nxc7 Ne5 28.Nxa8 Bg4 29.Rf1 Bh3
30.Rg1 g4 31.f4 Ng6 32.Bd3 g3 33.Qxh3 Qxf4+ 34.Ke2 Qf2+ 35.Kd1 Qxg1+ 36.Qf1 Qh2
37.Ne2 Ne5 38.Nxg3 Bxg3 39.Be2 Bf4 40.Qe1 Qg2 41.Qc3 Nhg4  0-1

[Event "Porto San Giorgio op"]
[Site "Porto San Giorgio"]
[Date "1997.??.??"]
[Round "4"]
[White "Moroder, Thomas"]
[Black "Nataf, Igor Alexandre"]
[Result "0-1"]
[WhiteElo "2170"]
[BlackElo "2440"]

1.Nf3 Nf6 2.c4 g6 3.Nc3 Bg7 4.e4 d6 5.d4 O-O 6.Be2 e5 7.O-O Nc6 8.d5 Ne7
9.b4 Nh5 10.Re1 Kh8 11.Be3 f5 12.Ng5 Nf4 13.Rc1 Nxe2+ 14.Rxe2 f4 15.Bd2 Bf6
16.Ne6 Bxe6 17.dxe6 Nc6 18.Nd5 Nd4 19.Re1 c6 20.Nxf6 Qxf6 21.c5 f3 22.cxd6 Qxe6
23.h3 fxg2 24.Rc3 Rad8 25.Bh6 Rf7 26.f4 Rxd6 27.Ra3 a6 28.Rd3 Rdd7 29.a3 exf4
30.Rxd4 f3 31.Kf2 Qxh3 32.Bg5 g1=Q+ 33.Rxg1 Qh2+ 34.Ke3 f2 35.Rf1 Qg3+ 36.Ke2 Qg4+
37.Ke3 Qxg5+ 38.Ke2 Qg4+ 39.Ke3 Qf4+ 40.Ke2 Qf3+  0-1

[Event "Porto San Giorgio op"]
[Site "Porto San Giorgio"]
[Date "1997.??.??"]
[Round "6"]
[White "Cebalo, Miso"]
[Black "Nataf, Igor Alexandre"]
[Result "1-0"]
[WhiteElo "2485"]
[BlackElo "2440"]

1.d4 Nf6 2.Nf3 g6 3.c4 Bg7 4.Nc3 O-O 5.e4 d6 6.Be2 e5 7.O-O Nc6 8.Be3 Ng4
9.Bg5 f6 10.Bc1 exd4 11.Nxd4 f5 12.Nxc6 bxc6 13.exf5 gxf5 14.h3 Ne5 15.f4 Ng6
16.Be3 Qf6 17.Qd2 Re8 18.Rac1 Qe6 19.Bf2 Bd7 20.Bf3 Qf6 21.b4 Rab8 22.Bxa7 Ra8
23.Bf2 Ra3 24.Ne2 Nh4 25.Bh5 Rea8 26.Rc2 Be8 27.Bxh4 Qxh4 28.Bf3 Rb8 29.Nd4 Qf6
30.Nb3 Ra4 31.Re1 Bd7 32.b5 cxb5 33.cxb5 Bxb5 34.Rxc7 Bf8 35.Bd5+ Kh8 36.Re6  1-0

[Event "Porto San Giorgio op"]
[Site "Porto San Giorgio"]
[Date "1997.??.??"]
[Round "9"]
[White "Arlandi, Ennio"]
[Black "Safranska, Anda"]
[Result "1-0"]
[WhiteElo "2470"]
[BlackElo "2270"]

1.d4 Nf6 2.c4 g6 3.Nc3 Bg7 4.e4 d6 5.Nf3 O-O 6.Be2 e5 7.O-O Nc6 8.d5 Ne7
9.Nd2 a5 10.a3 Bd7 11.b3 c6 12.Bb2 Ne8 13.b4 f5 14.Qb3 c5 15.bxc5 dxc5 16.Nb5 Nc8
17.f4 Qe7 18.fxe5 Bxe5 19.Bd3 fxe4 20.Rxf8+ Kxf8 21.Nxe4 a4 22.Qc2 Bxb5 23.cxb5 b6
24.Qf2+ Kg8 25.Bxe5 Qxe5 26.Rf1 Qe7 27.Re1 Qf8 28.Qg3 Ned6 29.Nxd6  1-0

[Event "Portoroz op"]
[Site "Portoroz"]
[Date "1997.??.??"]
[Round "?"]
[White "Tratar, Marko"]
[Black "Veber, Bojan"]
[Result "1-0"]
[WhiteElo "2420"]
[BlackElo "2150"]

1.d4 Nf6 2.Nf3 g6 3.c4 Bg7 4.Nc3 O-O 5.e4 d6 6.Be2 e5 7.O-O Nc6 8.d5 Ne7
9.Nd2 c5 10.Rb1 Ne8 11.b4 b6 12.bxc5 bxc5 13.Nb3 f5 14.Bg5 Kh8 15.exf5 Bxf5
16.Bd3 Bf6 17.Be3 Bxd3 18.Qxd3 Nf5 19.Ne4 Nxe3 20.fxe3 Ng7 21.Qd2 Nf5 22.g4 Nh4
23.Na5 Bg7 24.Nc6 Qd7 25.Qe2 Nf3+ 26.Kh1 Qxg4 27.Nxd6 e4 28.Qg2 Qh4 29.Qg3 Qxg3
30.hxg3 Nd2 31.Rxf8+ Bxf8 32.Rd1 Bxd6 33.Rxd2 Bxg3 34.d6 Bh4 35.d7 Bd8 36.Rd6 Bb6
37.d8=Q+ Bxd8 38.Rxd8+ Rxd8 39.Nxd8  1-0

[Event "SVK-ch"]
[Site "Presov"]
[Date "1997.??.??"]
[Round "7"]
[White "Krivoshey, Sergei"]
[Black "Stets, Dmitry"]
[Result "1-0"]
[WhiteElo "2425"]
[BlackElo "2310"]

1.d4 Nf6 2.c4 g6 3.Nc3 Bg7 4.e4 d6 5.Nf3 O-O 6.Be2 e5 7.O-O Nc6 8.d5 Ne7
9.Ne1 Nd7 10.Be3 f5 11.f3 f4 12.Bf2 g5 13.Rc1 Ng6 14.c5 Nxc5 15.b4 Na6 16.Nb5 Rf7
17.Nd3 Bf8 18.a4 b6 19.Be1 Rg7 20.Nf2 h5 21.Qc2 Nh4 22.h3 Kh8 23.Qc6 Bd7
24.Qb7 g4 25.fxg4 c6 26.dxc6 hxg4 27.cxd7 f3 28.Nxg4 fxe2 29.Rxf8+ Qxf8 30.Rc8 Kh7
31.Rxf8 Rxf8 32.Bxh4 Nxb4 33.Nxd6  1-0

[Event "CRO-Cup"]
[Site "Pula"]
[Date "1997.??.??"]
[Round "?"]
[White "Havas, Ladislav"]
[Black "Jurkovic, Ante"]
[Result "1/2-1/2"]
[WhiteElo "2270"]
[BlackElo "2320"]

1.d4 Nf6 2.c4 g6 3.Nc3 Bg7 4.e4 O-O 5.Nf3 d6 6.Be2 e5 7.O-O Nc6 8.d5 Ne7
9.Nd2 a5 10.a3 Ne8 11.Rb1 f5 12.b4 axb4 13.axb4 Bh6 14.Nb3 Bxc1 15.Rxc1 f4
16.c5 Kh8 17.Nd2 Ng8 18.Bg4 Nef6 19.Bxc8 Rxc8 20.Qe2 g5 21.f3 h5 22.Nb5 Qe7
23.cxd6 cxd6 24.Nc4 Rcd8 25.Nb6 Ne8 26.Rc3 Ngf6 27.Rfc1 Rf7 28.Rc8 Kh7 29.Qa2 Rxc8
30.Rxc8 g4 31.Kh1 Rg7 32.Rc1 Kh6 33.Qe2 Nh7 34.Nc4 Rg6 35.Nd2 Qh4 36.fxg4 hxg4
37.g3 Qg5 38.gxf4 exf4 39.Nd4 Ng7 40.Rc7 Qe5 41.Qd3 Ng5 42.Nc4 Qxe4+ 43.Qxe4 Nxe4
44.Re7 Nc3 45.Rxb7 Nxd5 46.Rf7 Nxb4 47.Rxf4 Nd3 48.Rf8 Ne6 49.Nxe6 Rxe6 50.Rd8 d5
51.Rd6 Rxd6 52.Nxd6 Kg5 53.Kg2 Kf4 54.Nb5 Ne1+ 55.Kf2 Nf3 56.Nc3 d4 57.Ne2+ Kg5
58.h3 d3 59.hxg4 Kxg4 60.Ke3 d2 61.Nc3 Kg3  1/2-1/2

[Event "EU-chT (Men)"]
[Site "Pula"]
[Date "1997.??.??"]
[Round "1"]
[White "Guseinov, Aidyn"]
[Black "Lanka, Zigurds"]
[Result "1-0"]
[WhiteElo "2430"]
[BlackElo "2575"]

1.d4 Nf6 2.c4 g6 3.Nc3 Bg7 4.e4 d6 5.Be2 O-O 6.Nf3 e5 7.O-O Nc6 8.d5 Ne7
9.b4 a5 10.Qb3 axb4 11.Qxb4 c5 12.Qb3 Nd7 13.Bb2 Ra6 14.Nb5 h6 15.Nd2 Kh8
16.Bd3 g5 17.Rfe1 g4 18.Nf1 Ng6 19.g3 Nf6 20.Ne3 Nh7 21.Qd1 h5 22.f3 Ng5
23.fxg4 hxg4 24.Nxg4 Nh3+ 25.Kg2 Ngf4+ 26.gxf4 Nxf4+ 27.Kh1 Nxd3 28.Qxd3 Bxg4
29.Qg3 f5 30.Rg1 Qe7 31.Raf1 Bf6 32.exf5 Rg8 33.Rf4 Bf3+ 34.Rxf3 Rxg3 35.Rfxg3 Qh7
36.Rg6 Qh4 37.Nc3 Qf4 38.Ne2 Qf3+ 39.R1g2 Kh7 40.Rxf6 Rxa2 41.Rf7+ Kh8 42.Ng1 Qe4
43.Rxb7 Ra8 44.Rb3 Ra7 45.f6 Rf7 46.Rh3+ Rh7 47.f7  1-0

[Event "EU-chT (Women)"]
[Site "Pula"]
[Date "1997.??.??"]
[Round "2"]
[White "Johansson, Victoria"]
[Black "Grosar, Kiti"]
[Result "0-1"]
[WhiteElo "2135"]
[BlackElo "2225"]

1.d4 Nf6 2.c4 g6 3.Nc3 Bg7 4.e4 d6 5.Nf3 O-O 6.Be2 e5 7.O-O Nc6 8.d5 Ne7
9.b4 Nh5 10.Re1 f5 11.c5 Kh8 12.cxd6 cxd6 13.Qb3 Nf4 14.Bxf4 exf4 15.Rad1 fxe4
16.Nxe4 Nf5 17.Neg5 Nd4 18.Nxd4 Qxg5 19.Bf3 Be5 20.Qc4 Bh3 21.Ne6 Bxe6 22.dxe6 Rac8
23.Qb5 Qe7 24.h3 Rc7 25.Rc1 Rfc8 26.Rxc7 Rxc7 27.Qd5 Kg7 28.a4 Kf6 29.g3 fxg3
30.Bg4 gxf2+ 31.Kxf2 Kg7 32.Rf1 Qg5 33.Kg2 Rc2+ 34.Rf2 Rxf2+ 35.Kxf2 Bg3+  0-1

[Event "EU-chT (Women)"]
[Site "Pula"]
[Date "1997.??.??"]
[Round "3"]
[White "Cmilyte, Viktorija"]
[Black "Velikhanli, Firuza"]
[Result "0-1"]
[WhiteElo "2185"]
[BlackElo "2350"]

1.d4 Nf6 2.c4 g6 3.Nc3 Bg7 4.e4 d6 5.Be2 O-O 6.Nf3 e5 7.O-O Nc6 8.d5 Ne7
9.b4 Nh5 10.Re1 Nf4 11.Bf1 a5 12.bxa5 Rxa5 13.Nd2 c5 14.Rb1 Kh8 15.g3 Nh5
16.Be2 Nf6 17.Nb3 Ra6 18.Bg5 Ne8 19.Nc1 f6 20.Bd2 f5 21.Rb3 fxe4 22.Nxe4 Nf5
23.Be3 Nd4 24.Bxd4 exd4 25.Bg4 Bh6 26.Bxc8 Qxc8 27.Qe2 Ng7 28.Qb2 Qf5 29.Nd3 Nh5
30.Rxb7 Raa8 31.Nxd6 Qxd3 32.Nf7+ Rxf7 33.Rxf7 Qd2 34.Qxd2 Bxd2 35.Rd1 Bb4
36.Kf1 Kg8 37.Rc7 Nf6 38.d6 Rd8 39.Rc6 Ne4 40.a4 Rxd6 41.Rxd6 Nxd6 42.Ke2 Nxc4
43.Ra1 Kf7 44.Kd3 Na5 45.Rb1 Ke6 46.Ke4 Nc4 47.Ra1 Nd2+ 48.Kd3 Nb3 49.Rb1 Kd5
50.f4 c4+ 51.Kc2 d3+ 52.Kd1 Kd4  0-1

[Event "EU-chT (Men)"]
[Site "Pula"]
[Date "1997.??.??"]
[Round "3"]
[White "Sosonko, Gennadi"]
[Black "Gadjilu, Rauf"]
[Result "0-1"]
[WhiteElo "2515"]
[BlackElo "2290"]

1.d4 Nf6 2.c4 g6 3.Nc3 Bg7 4.e4 d6 5.Nf3 O-O 6.Be2 e5 7.O-O Nc6 8.d5 Ne7
9.Ne1 Nd7 10.Nd3 f5 11.Bd2 Nf6 12.f3 f4 13.c5 h5 14.cxd6 cxd6 15.Nf2 g5 16.h3 Rf7
17.Qc2 a6 18.a4 Bf8 19.a5 Rg7 20.Na4 g4 21.Nb6 gxh3 22.Nxa8 Rxg2+ 23.Kh1 Qe8
24.Rg1 Qg6 25.Qxc8 Nxc8 26.Nxh3 Rg3 27.Kh2 Bh6  0-1

[Event "Pula op"]
[Site "Pula"]
[Date "1997.??.??"]
[Round "3"]
[White "Lalic, Bogdan"]
[Black "Shaked, Tal"]
[Result "1/2-1/2"]
[WhiteElo "2585"]
[BlackElo "2445"]

1.Nf3 Nf6 2.c4 g6 3.Nc3 Bg7 4.d4 d6 5.e4 O-O 6.Be2 e5 7.O-O Nc6 8.d5 Ne7
9.b4 a5 10.Ba3 axb4 11.Bxb4 Nd7 12.a4 Bh6 13.Nd2 f5 14.Nb3 b6 15.a5 Nc5 16.Ra3 Bd7
17.Bxc5 bxc5 18.a6 fxe4 19.Nxe4 Nf5 20.a7 Qe7 21.g3 c6 22.Bf3 Nd4 23.Nxd4 cxd4
24.Qb3 cxd5 25.cxd5 Bf5 26.Rfa1 Bxe4 27.Bxe4 Bd2 28.R1a2 Bc3 29.Ra6 Rfd8
30.Kg2 Kg7 31.h4 Kh6 32.Qb6 d3 33.Qe3+ Kg7 34.Bxd3 Bd4 35.Qe4 Rd7 36.h5 Qf6
37.Qg4 Rdxa7 38.Rxa7+ Rxa7 39.Rxa7+ Bxa7 40.Qd7+ Qf7 41.h6+ Kg8 42.Qxd6 Qxf2+
43.Kh3 Bd4 44.Qe6+ Qf7 45.Bxg6 Qxe6+ 46.dxe6 Kf8 47.Bxh7 Be3 48.Kg4 Bxh6
49.Be4 Ke7 50.Kf5 Bg7 51.g4 Bf6 52.Bd5 e4 53.Kxe4 Bg5 54.Kf5 Bc1 55.g5 Bd2
56.Kg6 Be3 57.Kh5 Bd2 58.g6 Bc3 59.Kh6 Kf8 60.Kh7 Bd4 61.g7+ Bxg7 62.e7+ Kxe7
63.Kxg7  1/2-1/2

[Event "EU-chT (Men)"]
[Site "Pula"]
[Date "1997.??.??"]
[Round "4"]
[White "Degerman, Lars"]
[Black "Krakops, Maris"]
[Result "0-1"]
[WhiteElo "2480"]
[BlackElo "2440"]

1.Nf3 Nf6 2.c4 g6 3.Nc3 Bg7 4.e4 d6 5.d4 O-O 6.Be2 e5 7.O-O Nc6 8.d5 Ne7
9.b4 a5 10.Ba3 axb4 11.Bxb4 Nd7 12.a4 Bh6 13.Nd2 f5 14.Bd3 b6 15.a5 Nc5 16.Nb3 Kh8
17.Ra3 Bd7 18.axb6 cxb6 19.Bxc5 bxc5 20.Qa1 Rb8 21.Rb1 Ng8 22.Ra6 Bc8 23.Ra2 Nf6
24.Na5 Rxb1+ 25.Qxb1 Ng4 26.Nd1 fxe4 27.Bxe4 Qh4 28.h3 Nf6 29.Bd3 Nh5 30.Bf1 Nf4
31.Qb3 Qh5 32.Ne3 g5 33.Nc6 g4 34.hxg4 Bxg4 35.Ra7 Be2 36.Qc2 Bg5 37.g3 Bf3
38.Bg2 Nxg2 39.Nxg2 Qh3  0-1

[Event "EU-chT (Men)"]
[Site "Pula"]
[Date "1997.??.??"]
[Round "4"]
[White "Cramling, Pia"]
[Black "Lanka, Zigurds"]
[Result "0-1"]
[WhiteElo "2545"]
[BlackElo "2575"]

1.d4 Nf6 2.Nf3 g6 3.c4 Bg7 4.Nc3 d6 5.e4 O-O 6.Be2 e5 7.O-O Nc6 8.d5 Ne7
9.b4 a5 10.Ba3 axb4 11.Bxb4 Nd7 12.a4 Bh6 13.a5 f5 14.Nd2 Nf6 15.c5 Bxd2
16.Qxd2 Nxe4 17.Nxe4 fxe4 18.Rab1 Nf5 19.cxd6 cxd6 20.Bc3 Nh4 21.Qe3 Rf4
22.Rfc1 Bg4 23.Bf1 Qg5 24.Qg3 Nf5 25.Bd2 e3 26.Bxe3 Qe7 27.Bxf4 Nxg3 28.Bxg3 Rxa5
29.Rb4 Bf5 30.Rbc4 Ra8 31.Rc7 Qg5 32.f4 exf4 33.Bf2 f3 34.g3 Re8 35.R1c4 Re7
36.h4 Qf6 37.Bd4 Qf7 38.Rxe7 Qxe7 39.Kf2 h6 40.Be3 g5 41.hxg5 hxg5 42.g4 Bd7
43.Rc7 Qh7 44.Bxg5 Qh2+ 45.Kxf3 Qh1+ 46.Kf2 Bxg4 47.Bg2 Qb1 48.Kg3 Bf5 49.Re7 Qd3+
50.Bf3 b5 51.Re3 Qb1 52.Bh5 Bg6 53.Bxg6 Qxg6 54.Kg4 Qc2 55.Re7 Kf8 56.Kh5 Qf5
57.Rc7 Qxd5 58.Kg6 Qe6+ 59.Bf6 b4 60.Rh7 Qe4+ 61.Kh6 b3 62.Rc7 Qf5 63.Bg7+ Ke8  0-1

[Event "EU-chT (Men)"]
[Site "Pula"]
[Date "1997.??.??"]
[Round "5"]
[White "Grabliauskas, Virginijus"]
[Black "Sutovskij, Emil"]
[Result "1-0"]
[WhiteElo "2435"]
[BlackElo "2560"]

1.d4 Nf6 2.c4 g6 3.Nc3 Bg7 4.e4 d6 5.Nf3 O-O 6.Be2 e5 7.O-O Nc6 8.d5 Ne7
9.Ne1 Nd7 10.Be3 f5 11.f3 f4 12.Bf2 g5 13.a4 Ng6 14.a5 Nf6 15.c5 h5 16.cxd6 cxd6
17.Nb5 g4 18.Nxa7 Bd7 19.Bb5 g3 20.Bb6 gxh2+ 21.Kh1 Qe7 22.Rc1 Ne8 23.Bxd7 Qxd7
24.Nd3 Bf6 25.Kxh2 Rf7 26.Rh1 Rg7 27.Kg1 Nh4 28.Rh2 Rg3 29.Kh1 Kh8 30.b4 Ng7
31.Rc7 Qe8 32.Rxb7 Qg6 33.Ne1 Rg8 34.Qe2 Ne8 35.Nc6 Nxg2 36.Nxg2 h4 37.Qf1 h3
38.Nxf4 Qh6 39.Nxh3 Rg2 40.Rxg2  1-0

[Event "EU-chT (Men)"]
[Site "Pula"]
[Date "1997.??.??"]
[Round "7"]
[White "Zagorskis, Darius"]
[Black "Gabriel, Christian"]
[Result "0-1"]
[WhiteElo "2505"]
[BlackElo "2570"]

1.c4 g6 2.d4 Nf6 3.Nc3 Bg7 4.e4 d6 5.Nf3 O-O 6.Be2 e5 7.O-O Nc6 8.d5 Ne7
9.b4 Ne8 10.c5 f5 11.Nd2 Nf6 12.f3 f4 13.Nc4 g5 14.a4 Ng6 15.Ba3 Rf7 16.a5 Bf8
17.b5 b6 18.axb6 axb6 19.cxb6 cxb6 20.Bb4 Rb8 21.Na4 g4 22.Ncxb6 g3 23.Nxc8 gxh2+
24.Kxh2 Nh5 25.Rh1 Ng3 26.Kg1 Nxh1 27.Kxh1 Rxc8 28.b6 Be7 29.Kg1 Rg7 30.Bb5 Nh4
31.Ra2 Bf8 32.Bc6 Qg5 33.Qf1 Qg3 34.Kh1 Rg6 35.Qf2 Qg5 36.Be1 Nxg2 37.Qxg2 Qh5+
38.Kg1 Qxf3 39.b7 Rb8 40.Nc3 Rxg2+ 41.Rxg2+ Kf7 42.Ra2 Qe3+ 43.Kf1 Qb6 44.Bd7 Rxb7
45.Be6+ Ke8  0-1

[Event "EU-chT (Men)"]
[Site "Pula"]
[Date "1997.??.??"]
[Round "7"]
[White "Pelletier, Yannick"]
[Black "Renet, Olivier"]
[Result "1/2-1/2"]
[WhiteElo "2470"]
[BlackElo "2505"]

1.d4 Nf6 2.c4 g6 3.Nc3 Bg7 4.e4 d6 5.Nf3 O-O 6.Be2 e5 7.O-O Nc6 8.d5 Ne7
9.b4 a5 10.Ba3 axb4 11.Bxb4 Nd7 12.a4 Bh6 13.a5 f5 14.Nd2 Kh8 15.Bd3 Ng8
16.Qc2 Rf7 17.Na4 fxe4 18.Nxe4 Ndf6 19.Nac3 Bf5 20.Ng3 Bxd3 21.Qxd3 Qf8 22.Rab1 Qc8
23.Rb3 Qg4 24.f3 Qd4+ 25.Qxd4 exd4 26.Nd1 Bg7 27.Bd2 c6 28.dxc6 bxc6 29.Nf2 d5
30.Rc1 Bh6 31.Bxh6 Nxh6 32.cxd5 cxd5 33.Rd3  1/2-1/2

[Event "EU-chT (Men)"]
[Site "Pula"]
[Date "1997.??.??"]
[Round "8"]
[White "Sosonko, Gennadi"]
[Black "Renet, Olivier"]
[Result "1/2-1/2"]
[WhiteElo "2515"]
[BlackElo "2505"]

1.d4 Nf6 2.c4 g6 3.Nc3 Bg7 4.e4 d6 5.Nf3 O-O 6.Be2 e5 7.O-O Nc6 8.d5 Ne7
9.Ne1 Nd7 10.Nd3 f5 11.Bd2 Kh8 12.Rc1 Nf6 13.f3 c6 14.Nf2 a5 15.a3 Bd7 16.Kh1 cxd5
17.cxd5 Qb6 18.a4 fxe4 19.Nfxe4 Nexd5 20.Nxd5 Nxd5 21.Bg5 Nf4 22.Bc4 d5 23.Bxd5 Nxd5
24.Qxd5 Bxa4 25.Nd6 Bb3 26.Qd3 a4 27.Be7 Rf4 28.Ne4 Rf7 29.Bc5 Qa6 30.Qe3 Rc7
31.Rfe1 Rac8 32.Nd6 Rd8 33.Ne4 Rdc8 34.Nd6 Rd8 35.Ne4 h6 36.Ba3 Rxc1 37.Qxc1 Bg8
38.h3 Qa5 39.Re3 Qd5 40.Kh2 Qf7 41.Rc3 Qf4+ 42.Qxf4 exf4 43.Rc7 Bd5 44.Be7 Bxe4
45.Bxd8 Bc6 46.Rc8 Kh7 47.Rc7 Kg8 48.Rc8 Kf7 49.Rc7+ Kg8 50.Rc8 Kf7 51.Rc7+ Kg8  1/2-1/2

[Event "EU-chT (Men)"]
[Site "Pula"]
[Date "1997.??.??"]
[Round "8"]
[White "Kortschnoj, Viktor"]
[Black "Cvitan, Ognjen"]
[Result "1/2-1/2"]
[WhiteElo "2635"]
[BlackElo "2550"]

1.d4 Nf6 2.c4 g6 3.Nc3 Bg7 4.e4 d6 5.Be2 O-O 6.Nf3 e5 7.O-O Nc6 8.d5 Ne7
9.Ne1 Nd7 10.Be3 f5 11.f3 f4 12.Bf2 g5 13.Rc1 Ng6 14.c5 Nxc5 15.b4 Na6 16.Nd3 h5
17.Nb5 Bd7 18.a4 Bh6 19.Rc3 Rf7 20.Nxa7 Rg7 21.Nb5 Nf8 22.h3 Nh7 23.Be1 Nf6
24.Nf2 Nxb4 25.Rxc7 Na6 26.Rxb7 Nc5 27.Rc7 g4 28.hxg4 hxg4 29.fxg4 Nfxe4
30.Nxe4 Nxe4 31.Qb3 Ng3 32.Bxg3 fxg3 33.Qxg3 Bxb5 34.Rxg7+ Kxg7 35.g5 Bxg5
36.Bxb5 Qb6+ 37.Rf2 Qe3 38.Qf3 Qe1+ 39.Bf1 Be3  1/2-1/2

[Event "Registro op"]
[Site "Registro"]
[Date "1997.??.??"]
[Round "3"]
[White "Vescovi, Giovanni"]
[Black "Matsuura, Horacio"]
[Result "1-0"]
[WhiteElo "2490"]
[BlackElo "2225"]

1.d4 Nf6 2.Nf3 g6 3.c4 Bg7 4.Nc3 O-O 5.e4 d6 6.Be2 e5 7.O-O Nc6 8.d5 Ne7
9.Ne1 Nd7 10.Be3 f5 11.f3 Nf6 12.c5 f4 13.Bf2 g5 14.Rc1 Ng6 15.cxd6 cxd6
16.Nb5 Rf7 17.Nxa7 Bd7 18.Qb3 g4 19.Qb6 Qf8 20.Rc7 g3 21.hxg3 fxg3 22.Bxg3 Bh6
23.Bb5 Bxb5 24.Nxb5 Qd8 25.Bf2 Rxc7 26.Nxc7 Rxa2 27.Nd3 Nh5 28.Qxb7 Nhf4
29.Ne6 Qe8 30.Nexf4 Bxf4 31.g3 Bh6 32.Kg2 Ra8 33.Rh1 Bg7 34.Qc6 Qb8 35.Rc1  1-0